|
|
|
|
| LEADER |
01681cam a2200349Ia 4500 |
| 001 |
9780203392423 |
| 003 |
FlBoTFG |
| 005 |
20091230162920.0 |
| 006 |
a|||||s||||||||||| |
| 007 |
cr|||| |
| 008 |
060105s2006 enkaf sb 001 0beng d |
| 020 |
|
|
|a 9780203392423 (e-book : PDF)
|
| 040 |
|
|
|a FlBoTFG
|c FlBoTFG
|d GrThAP
|
| 043 |
|
|
|a e------
|a ff-----
|a aw-----
|
| 090 |
|
|
|a DG291.7.J85
|b F36 2006
|
| 092 |
|
|
|a 937.07092
|b F216
|
| 100 |
1 |
|
|a Fantham, Elaine.
|
| 245 |
1 |
0 |
|a Julia Augusti
|h [electronic resource] /
|c Elaine Fantham.
|
| 260 |
|
|
|a Abingdon, Oxon ;
|a New York :
|b Routledge,
|c 2006.
|
| 300 |
|
|
|a xvi, 175 p., [8] p. of plates :
|b ill.
|
| 504 |
|
|
|a Includes bibliographical references and index.
|
| 505 |
0 |
|
|a Introduction : Daughters and wives in Roman society of the late Republic -- Julia's parents and childhood -- Tensions of Julia's youth : the poetry of pleasure and the legislation of morality -- The rise of Marcus Agrippa -- Old enough to be her father : marriage to Agrippa -- Julia's homes -- The fatal marriage -- Julia's boys -- Julia's girls -- The verdict of posterity.
|
| 530 |
|
|
|a Also available in print edition.
|b CRC Press (http://www.crcpress.com)
|
| 538 |
|
|
|a Mode of access: World Wide Web.
|
| 600 |
0 |
0 |
|a Julia,
|c daughter of Augustus, Emperor of Rome,
|d 39 B.C.-14 A.D.
|
| 600 |
0 |
0 |
|a Augustus,
|c Emperor of Rome, 63 B.C.-14 A.D.
|x Family.
|
| 651 |
|
0 |
|a Rome
|x Princes and princesses
|v Biography.
|
| 651 |
|
0 |
|a Rome
|x History
|y Augustus, 30 B.C.-14 A.D.
|
| 651 |
|
0 |
|a Rome
|x Social life and customs.
|
| 655 |
|
7 |
|a Electronic books.
|2 lcsh
|
| 776 |
1 |
|
|z 9780415331456
|
| 856 |
4 |
0 |
|u http://www.tandfebooks.com/isbn/9780203392423
|z Full Text via HEAL-Link
|